000 00671nam a2200181 a 4500
001 000041295
005 20201002034750.0
008 130930s1964 nyuabc 000 0 spa d
040 _aDO-SdBNP
_bspa
_cBNPHU
082 _axxx
_bG373b
100 1 _aVogt, Hannah
_967912
240 1 0 _aSchuld oder Verhängnis?
_leng
245 1 0 _aThe burden of guilt :
_ba short history of Germany, 1914-1945 /
_cHannah Vogt ; translated by Herbert Strauss ; with an introduction by Gordon A. Craig.
260 _aNew York :
_bOxford University Press,
_c1964.
300 _axviii, 318 p. :
_bill., maps ;
_c21 cm.
700 1 2 _aStrauss, Herbert
_etr.
_967913
700 1 2 _aCraig, Gordon A.
_967914
999 _c40785
_d40785